| 000 | 00827nam a2200229Ia 4500 | ||
|---|---|---|---|
| 003 | GCL | ||
| 008 | 140319s9999 xx 000 0 ara d | ||
| 040 |
_aGCL / _cGCL |
||
| 082 | 0 | 4 |
_aد _b050 |
| 100 | 1 | _aعبدالعزيز بن عبدالجليل | |
| 245 | 1 | 0 |
_aالموسيقى الاندلسية المغربية فنون الاداء (عالم المعرفة 129) / _cعبدالعزيز بن عبدالجليل |
| 260 |
_a[S.N] : _bالمجلس الوطنى للثقافة والفنون والاداب ، _c1988 |
||
| 300 | _a271 ص | ||
| 490 |
_aعالم المعرفة _v0 |
||
| 650 | 0 | 4 | _aالاندلس |
| 650 | 0 | 4 | _aالمغرب |
| 650 | 0 | 4 | _aالموسيقى |
| 650 | 0 | 4 | _aالموشحات |
| 650 | 0 | 4 | _aالموشحات الاندلسية |
| 650 | 0 | 4 | _aالموسيقى الدينية |
| 942 |
_2ddc _cBK |
||
| 999 |
_c36044 _d36044 |
||